The Entrepreneur Mind : (Record no. 609487)
[ view plain ]
| 000 -LEADER | |
|---|---|
| fixed length control field | 00398nam a22001337a 4500 |
| 020 ## - INTERNATIONAL STANDARD BOOK NUMBER | |
| International Standard Book Number | 9780988479708 |
| 040 ## - CATALOGING SOURCE | |
| Transcribing agency | NUST |
| 082 ## - DEWEY DECIMAL CLASSIFICATION NUMBER | |
| Classification number | 658.421 |
| Author Mark | JOH |
| 100 ## - MAIN ENTRY--PERSONAL NAME | |
| Personal name | Johnson, Kevin D. |
| 9 (RLIN) | 123240 |
| 245 ## - TITLE STATEMENT | |
| Title | The Entrepreneur Mind : |
| Remainder of title | 100 Essential Beliefs, Characteristics, and Babits of Elite Entrepreneurs |
| 260 ## - PUBLICATION, DISTRIBUTION, ETC. | |
| Place of publication, distribution, etc. | USA: |
| Name of publisher, distributor, etc. | Johnson Media, |
| Date of publication, distribution, etc. | 2013. |
| 650 ## - SUBJECT ADDED ENTRY--TOPICAL TERM | |
| Topical term or geographic name entry element | Entrepreneurship |
| 942 ## - ADDED ENTRY ELEMENTS (KOHA) | |
| Source of classification or shelving scheme | |
| Koha item type | Book |
| Withdrawn status | Lost status | Source of classification or shelving scheme | Damaged status | Not for loan | Permanent Location | Current Location | Shelving location | Date acquired | Total Checkouts | Full call number | Barcode | Date last seen | Price effective from | Koha item type |
|---|---|---|---|---|---|---|---|---|---|---|---|---|---|---|
| College of Electrical & Mechanical Engineering (CEME) | College of Electrical & Mechanical Engineering (CEME) | General Stacks | 06/05/2024 | 658.421 JOH | CEME- 49279 | 06/05/2024 | 06/05/2024 | Book |
